000 nam a22 7a 4500
999 _c232971
_d232971
003 Nust
005 20170227115717.0
008 170227b xxu||||| |||| 00| 0 eng d
040 _cDLC
082 _a923.5 SHA
245 _aشہا ب نامہ
_cشہاب،قدرت اللہ
260 _aLahore :
_c2009
300 _a1247p. :
_c25cm
942 _2ddc
_cBK